000 00368nam a22001457a 4500
008 210519b ||||| |||| 00| 0 eng d
020 _a0201546647
041 _aeng
080 _a004
082 _a004
100 _a28
101 _aSHKI
245 _aThe Capability Maturity Model: Guidelines for Improving the Software Process
_cMark C. Paulk
942 _2udc
_cBK
999 _c57490
_d57490